Maggior numero di Stagioni disputate in Formula 1 - Statistics

Statistiche generali
  • Questo quiz è stato fatto 68 volte
  • Il punteggio medio è 6 su 8
Statistiche sulle risposte
Nazione Numero stagioni Prima stagione Ultima stagione Pilota % Corretto
Spagna 20 2001 2023 Fernando Alonso
100%
Finlandia 19 2001 2021 Kimi Räikkönen
98%
Germania 19 1991 2012 Michael Schumacher
95%
Regno Unito 17 2007 2023 Lewis Hamilton
92%
Brasile 19 1993 2011 Rubens Barrichello
84%
Regno Unito 18 2000 2017 Jenson Button
76%
Regno Unito 18 1958 1975 Graham Hill
58%
Italia 17 1977 1993 Riccardo Patrese
39%
Nessun quiz corrispondente trovato
Distribuzione punteggi
Percentuale di utenti per punteggio
Percentile per numero di risposta
I tuoi punteggi nel tempo
Non hai fatto questo quiz